PROJEK SAINS : (Record no. 178324)

MARC details
000 -LEADER
fixed length control field 02208cam a2200625 ia4500
001 - CONTROL NUMBER
control field vtls000707322
003 - CONTROL NUMBER IDENTIFIER
control field PNM
005 - DATE AND TIME OF LATEST TRANSACTION
control field 20200720152634.0
008 - FIXED-LENGTH DATA ELEMENTS--GENERAL INFORMATION
fixed length control field 130322t20142008my ao j 001 0 may
015 ## - NATIONAL BIBLIOGRAPHY NUMBER
National bibliography number M14-07706
020 ## - INTERNATIONAL STANDARD BOOK NUMBER
International Standard Book Number 9789674301583
Qualifying information set
International Standard Book Number 9789674302153
Qualifying information paperback
Terms of availability RM20.00
039 #9 - LEVEL OF BIBLIOGRAPHIC CONTROL AND CODING DETAIL [OBSOLETE]
Level of rules in bibliographic description 201506121043
Level of effort used to assign nonsubject heading access points faezah
Level of effort used to assign subject headings 201412051511
Level of effort used to assign classification norizan
Level of effort used to assign subject headings 201409080907
Level of effort used to assign classification irfah
Level of effort used to assign subject headings 201407171056
Level of effort used to assign classification hishamuddin
040 ## - CATALOGING SOURCE
Original cataloging agency BNM
Language of cataloging eng
Transcribing agency BNM
Modifying agency PNM
-- PPAK
Description conventions rda
041 1# - LANGUAGE CODE
Language code of text/sound track or separate title may
Language code of original eng
049 ## - LOCAL HOLDINGS (OCLC)
Holding library klpmal
082 04 - DEWEY DECIMAL CLASSIFICATION NUMBER
Classification number 621.8078
Edition number 23
090 00 - LOCALLY ASSIGNED LC-TYPE CALL NUMBER (OCLC); LOCAL CALL NUMBER (RLIN)
Classification number (OCLC) (R) ; Classification number, CALL (RLIN) (NR) 621.8078
Feature heading WHI
Feature heading K
100 1# - MAIN ENTRY--PERSONAL NAME
Personal name Whitehouse, Patricia,
Relator term author.
245 10 - TITLE STATEMENT
Title PROJEK SAINS :
Remainder of title Mesin dan Kerja /
Statement of responsibility, etc. Patricia Whitehouse ; Penterjemah: Muhammad Hairy Muhammad Nasir, Nursyazatul Nabihah Laili
246 3# - VARYING FORM OF TITLE
Display text Translation of:
Title proper/short title Science Projects :
Remainder of title Machines and Work
264 #1 - PRODUCTION, PUBLICATION, DISTRIBUTION, MANUFACTURE, AND COPYRIGHT NOTICE
Place of production, publication, distribution, manufacture Kuala Lumpur :
Name of producer, publisher, distributor, manufacturer Institut Terjemahan dan Buku Malaysia,
Date of production, publication, distribution, manufacture, or copyright notice 2014
Date of production, publication, distribution, manufacture, or copyright notice ©2008
300 ## - PHYSICAL DESCRIPTION
Extent 48 pages :
Other physical details colour illustrations, colour photographs ;
Dimensions 24 cm
336 ## - CONTENT TYPE
Content type term text
Source rdacontent
337 ## - MEDIA TYPE
Media type term unmediated
Source rdamedia
338 ## - CARRIER TYPE
Carrier type term volume
Source rdacarrier
490 1# - SERIES STATEMENT
Series statement PROJEK SAINS
500 ## - GENERAL NOTE
General note Includes index
650 10 - SUBJECT ADDED ENTRY--TOPICAL TERM
Topical term or geographic name entry element Machinery
General subdivision Experiments
Form subdivision Juvenile literature
700 0# - ADDED ENTRY--PERSONAL NAME
Personal name Muhammad Hairy Muhammad Nasir,
Relator term translator.
Personal name Nursyazatul Nabihah Laili,
Relator term translator.
Relationship information Translation of:
Personal name Whitehouse, Patricia.
Title of a work Science Projects : Machines and Work
765 0# - ORIGINAL LANGUAGE ENTRY
Main entry heading Whitehouse, Patricia.
Title Science Projects : Machines and Work
Place, publisher, and date of publication Jordan Hill, Oxford: Heinemann Library, Halley Court, 2008
830 #0 - SERIES ADDED ENTRY--UNIFORM TITLE
Uniform title Projek sains
942 ## - ADDED ENTRY ELEMENTS (KOHA)
Source of classification or shelving scheme Dewey Decimal Classification
Koha item type Book
949 ## - LOCAL PROCESSING INFORMATION (OCLC)
6 1001221447
e 2247695
6 1001221448
e 2247696
6 1001221441
e 2247697
6 1001221442
e 2247698
6 1001221443
e 2247699
6 1001221444
e 2247700
6 1001221445
e 2247701
6 1001221446
e 2247702
6 2000217107
a 621.8078 WHI M
6 2000217106
a 621.8078 WHI M
6 1001265108
6 1001265109
6 1001265110
6 1001265111
6 1001265112
6 1001265113
6 1001265114
6 1001265115
Holdings
Withdrawn Not for loan Current library Shelving location Date acquired Full call number Barcode Date last seen Koha item type
    Perpustakaan Langkawi Pinjaman Kanak-kanak 29/07/2020 K 621.8078 WHI A00739289 29/07/2020 Book